Pays limitrophes des Pays commençant par la lettre L - Statistiques

Statistiques générales
  • Ce quiz a été pris 526 fois
    519 depuis la dernière actualisation
  • Le résultat moyen est 27 sur 28
Statistiques - réponses
Réponse % Correct
Allemagne
100%
Belgique
99%
Estonie
99%
France
99%
Suisse
99%
Autriche
98%
Egypte
98%
Russie
98%
Tunisie
98%
Viêt Nam
98%
Chine
97%
Lituanie
97%
Afrique du Sud
96%
Algérie
96%
Israël
96%
Lettonie
96%
Pologne
96%
Biélorussie
95%
Cambodge
95%
Soudan
95%
Thaïlande
95%
Syrie
94%
Tchad
91%
Côte d'Ivoire
89%
Guinée
89%
Sierra Leone
89%
Myanmar
88%
Niger
86%
Aucun quiz correspondant
Distribution des résultats
% des personnes avec chaque résultat
Percentile par nombre de réponses
Votre historique - résultats
Vous n’avez pas pris ce quiz depuis la dernière actualisation